| 000 | 01672nam a2200253Ia 4500 | ||
|---|---|---|---|
| 999 |
_c52861 _d52861 |
||
| 001 | 19891 | ||
| 003 | GE_BSU | ||
| 005 | 20210330122726.0 | ||
| 008 | 181216s2016||||ge |||||||||||||| ||geo|| | ||
| 040 | _cGE_BSU | ||
| 041 | _ageo | ||
| 080 | _a57 ქ-35 | ||
| 100 |
_aქედელიძე, ნინო _910835 |
||
| 245 |
_aფეიჰოიას (Feijoa ssllowiana Berg) დასავლეთ საქართველოში გავრცელებული ჯიშებისა და ფორმირების მრავალფეროვნება და მამრობითი თვითსტერილობის დაძლევის გენეტიკური თავისებურებანი / _cნინო ქედელიძე; სამეცნიერო ხელმძღვანლები დავით ბარათაშვილი; მაია ვანიძე; ბსუ, ბიოლოგიის დეპარტამენტი. |
||
| 264 |
_aბათუმი, _c2016. |
||
| 300 |
_a131 გვ.; _bილ., _c30 სმ. |
||
| 653 | _aბიოლოგია | ||
| 653 | _aდისერტაცია | ||
| 653 | _aმცენარეთა გენეტიკა; | ||
| 700 |
_aბარათაშვილი,დავით _eსამეცნიერო ხელმძღვანელი _910836 |
||
| 700 |
_aვანიძე, მაია _eსამეცნიერო ხელმძღვანელი _92896 |
||
| 710 |
_aბსუ _bბიოლოგიის დეპარტამენტი _910834 |
||
| 942 |
_cBK _2udc |
||